000 00866cam a2200205 4500
001 WB3823-21
008 020627n2002 000 0 eng u
035 _a(Sirsi) u118558
245 _aBusiness in regeneration
260 _c2002
490 _aPlanning in London
_v(41) April/June 2002, 3(1)
520 _aLondon First has launched a business task force to tackle regeneration in the capital. The aim is to involve the business community in delivering regeneration projects in areas such as housing and environment. The task force also aims to co-ordinate national, regional and local government initiatives, the public and private sectors and the communities involved.
590 _aWB
650 _aLONDON
650 _aURBAN REGENERATION
650 _aREGENERATION PROGRAMMES
650 _aBUSINESS COMMUNITY
690 _aREGENERATION
942 _n0
999 _c70602
_d70602